000 00360 a2200157 4500
001 190942
020 _a978-85-360-1087-8
040 _cMagnum
100 _aJose, Elias
240 1 0 _aAs aventuras do rato roqueiro
_lpor
245 1 0 _aAs aventuras do rato roqueiro
300 _a47
362 0 _a2012
697 _aLITERATURA INFANTO-JUVENIL
942 _cBK
999 _c190942
_d190942